00387nam a2200169Ia 4500003000900000008004100009040001300050040001300063041000800076100001900084245006400103250001100167260001200178260000900190300001200199490000600211IT-RoPAU120407s9999 xx 000 0 und d aIT-RoPAU cIT-RoPAU afra aHeinrich Fries aEncyclopedie de la foi, sous la direction de H. Fries. 2 v. aParis  aDu Cerf c1965 c22,5 cm v1